00614nam a2200205Ia 450000500170000000800410001702000150005808200220007310000190009524500610011426000400017530000250021565000160024065000120025665000090026865000120027794200060028995200980029599900150039320250312045230.0240331s9999 xx 000 0 und d a0415053730 a301.01bYOU25439 aYoung, R. J. C 0aColonial Desires:bHybridity in Theory, Culture and Race aNew York;aLondon,bRoutledgec1995 axiii, 236 p., (C II) aColonialism aCulture aRace aHistory cL 001040708LaWERCLbWERCLcSSCd2024-03-31l0o 301.01 YOUp5439r2024-03-31w2024-03-31yL c1058d1058